01202nam a22002057a 450000500170000000800410001702000180005804000070007604100080008308200200009110000140011124500310012526000350015630000270019136500560021852006460027465000290092065000200094965000270096920260124120428.0230523b ||||| |||| 00| 0 eng d a9781398508255 cAL aeng 223a813.6bCARI aJack Carr aIn the bloodb: A thriller aLondonbSimon & Schusterc2022 axiii,459pbPBc20x13cm 2Englisha1170b399.00c₹d499.00e20%f17-05-2023 aA woman boards a plane in the African country of Burkina Faso having just completed a targeted assassination for the state of Israel. Two minutes later, her plane is blown out of the sky. Over 6,000 miles away, former Navy SEAL James Reece watches the names and pictures of the victims on cable news. One face triggers a distant memory of a Mossad operative attached to the CIA years earlier in Iraq—a woman with ties to the intelligence services of two nations…a woman Reece thought he would never see again. Reece enlists friends new and old across the globe to track down her killer, unaware that he may be walking into a deadly trap. aAmerican English Fiction aEnglish Fiction aEnglish Thriller Novel